000 00909 a2200181 4500
003 Nust
005 20230721092702.0
040 _cNust
082 _a621.317,KET
100 _aKetchum, Donald J.
_9101617
245 _aPulse and switching circuits /
_cDonald J. Ketchum & E. Charles Alvarez
260 _aMcGraw-Hill
_bNew York
_c1965
300 _a310 p.
505 _aWaveforms (Page-1), Networks (Page-20), Resistance-Capacitance Inductance (Page-34), Diode Switching Circuits (Page-56), Triode Switching (Page-75),Bistable Multi Vibrators (Page-109), Monostable and Astable Multi Vibrators (Page-140), Blocking Oscillators (Page-167), Basic Saw Tooth Generators (Page-181), Gating Circuits Page-210), Delay Circuits (Page-231), Special Purpose Circuits (Page-244), Applications (Page-257).
600 _aDonald J Ketchum
_9113764
650 _aPulse and switching circuits
_9113765
942 _2ddc
_cBKB
999 _c180948
_d180948